000
00296nam a22001337a 4500
008
181101b xxu||||| |||| 00| 0 eng d
020
_a
0393952975
041
_a
eng
080
_2
5 th
_a
781
100
_a
45
101
_a
MUZ
245
_a
The Enjoyment Of Music
_c
Joseph.M
942
_2
udc
_c
BK
999
_c
51510
_d
51510